Normal view MARC view

Entry Personal Name

Number of records used in: 2

001 - CONTROL NUMBER

  • control field: 62091

003 - CONTROL NUMBER IDENTIFIER

  • control field: dpl

005 - DATE AND TIME OF LATEST TRANSACTION

  • control field: 20240214172311.0

008 - FIXED-LENGTH DATA ELEMENTS

  • fixed length control field: 240214|| aca||aabn | a|a d

040 ## - CATALOGING SOURCE

  • Original cataloging agency: dpl
  • Transcribing agency: dpl

100 ## - HEADING--PERSONAL NAME

  • Personal name: Vijay, Rajiv

670 ## - SOURCE DATA FOUND

  • Source citation: Work cat.: (dpl)200748: Vijay, Rajiv, Objective Biology NEET 2022/, 2022

© Delhi Public Library
Hit Counter
free hit counter